Kristendommens retninger (uten hint) - Statistics

General Stats
  • This quiz has been taken 421 times
  • The average score is 7 of 17
Answer Stats
Answer % Correct
Katolisismen (Den katolske kirke)
96%
Østlig-ortodoks
85%
Protestantisme
71%
Lutheranere
69%
Pinsevenner
52%
Jehovas vitner
50%
Mormonere (primært Jesu Kristi Kirke av Siste Dagers Hellige)
48%
Baptister
38%
Anglikanere
35%
Reformerte og presbyterianere (kalvinister)
33%
Metodister
31%
Orientalsk-ortodoks (inkl. koptisk)
27%
Kvekere/Quakers
23%
Østens assyriske kirke
19%
Adventister (primært Syvendedags Adventistkirken)
17%
Østlig-katolsk (under Den katolske kirke)
17%
Nykarismatikere (gjerne selverklært ikke-denominasjonelle evangelikale)
13%
No matching quizzes found
Score Distribution
Percent of People with Each Score
Percentile by Number Answered
Your Score History
You have not taken this quiz